000 00718nam a22001817a 4500
005 20160712130546.0
008 160712b vau||||| |||| 00| 0 eng d
020 _a0873534190
050 0 4 _aQA13
_bA77 1995
245 1 0 _aAssessment standards for school mathematics /
_cprepared by the assessment standards working groups of the National Council of Teachers of Mathematics
250 _a1a ed.
260 _aReston, Virginia :
_bThe National Council of Teachers of Mathematics,
_c1995
300 _a102 paginas. :
_bilustraciones.,
_c28 cm.
504 _aIncluye referencias
650 4 _aMatemáticas
_xEstudio y enseñanza -- Estados Unidos -- Evaluacion
650 4 _aEvaluación curricular
942 _2lcc
_cLIB
999 _c118269
_d118269